| 000 | 00510nam a2200169Ia 4500 | ||
|---|---|---|---|
| 003 | GCL | ||
| 008 | 140319s9999 xx 000 0 ara d | ||
| 040 |
_aGCL / _cGCL |
||
| 082 | 0 | 4 |
_a658.383 _bع ا |
| 100 | 1 | _aعبدالحميد مصطفى | |
| 245 | 1 | 0 |
_aاساسيات الادارة الفندقية : مدخل استراتيجى / _cعبدالحميد مصطفى |
| 300 | _a210 ص | ||
| 490 | _a | ||
| 650 | 0 | 4 | _aادارة المشروعات |
| 650 | 0 | 4 | _aالفنادق - ادارة |
| 942 |
_2ddc _cBK |
||
| 999 |
_c41480 _d41480 |
||